000 00956nam a22003017a 4500
003 CHAP
005 20220817041814.0
008 971013s1981 r 00010 d
010 _a25040
011 _a26012
035 _a30112
040 _cCHAP
090 _aFolleto 9561
110 _aCommonwealth Forestry Institute. National Hardwoods Programme
_926011
245 _aNewsletter & report of second meeting (1981 : Oxford)
260 _aOxford :
_bThe Institute,
_c1981
300 _a16 p.
590 _aBATCH-UPD
_b10
_c20130110
_lUCH01
_h1019
590 _aBATCH-UPD
_b10
_c20130410
_lUCH01
_h0625
590 _aBATCH-UPD
_b10
_c20130914
_lUCH01
_h0710
590 _aCONVERSION
_b10
_c20130109
_lUCH01
_h1315
650 1 4 _aBosques
_xInvestigación.
_914282
650 1 4 _aMadera dura.
_969651
650 1 4 _aPropagación de árboles.
901 _aBK
942 _cFOLL
949 _aFolleto 9561
_bBC
_cFOLL
_d-69443
_eTS1
_gI.c/e
_i30112
_mDir.
_si
_t772.00
999 _c25040
_d25040